[Event "Challenge"]
[Site "http://www.queenalice.com/game.php?id=122030"]
[Date "2006.10.26"]
[Round "-"]
[White "sophia"]
[Black "edermachado"]
[Result "1-0"]
[WhiteElo "1450"]
[BlackElo "1196"]

1. e4 e5 2. Nf3 Qf6 3. d3 Bb4+ 4. Bd2 Bc5 5. Bg5 Qe6 6. Nc3 h6 7. Bh4 Nf6 8. d4
exd4 9. Nxd4 Qd5 10. exd5 Bb4 11. Qf3 c5 12. Nf5 g6 13. Bxf6 Rg8 14. Qe3+ Kf8
15. Qe7# 1-0

[Event "uai sô!"]
[Site "http://www.queenalice.com/game.php?id=126150"]
[Date "2006.11.6"]
[Round "-"]
[White "sophia"]
[Black "waleriot"]
[Result "1-0"]
[WhiteElo "1354"]
[BlackElo "1624"]

1. e4 e5 2. Nf3 d5 3. Nc3 Nc6 4. exd5 Nd4 5. Nxe5 Bf5 6. Bd3 Bxd3 7. cxd3 Qe7 8.
O-O Qxe5 9. Re1 f6 10. Rxe5+ fxe5 11. Qa4+ c6 12. dxc6 Nxc6 13. Qe4 O-O-O 14. d4
Rxd4 15. Qf5+ Kd8 16. Qxf8+ Kd7 17. Qxg7+ Nge7 18. Qxh8 Nf5 19. Qxh7+ Nce7 20.
Nb5 Rh4 21. Qf7 Rg4 22. Nxa7 Nh4 23. b3 Nf5 24. Ba3 Rg7 25. Qf8 Ke6 26. f4 exf4
27. Re1+ Kd7 28. d4 Ng6 29. Qxf5+ 1-0

[Event "Desafio"]
[Site "http://www.queenalice.com/game.php?id=128921"]
[Date "2006.11.13"]
[Round "-"]
[White "sophia"]
[Black "Mgustavo"]
[Result "0-1"]
[WhiteElo "1405"]
[BlackElo "1500"]

1. e4 c5 2. Nf3 Nf6 3. Nc3 d5 4. e5 d4 5. Ne4 Nxe4 6. Qe2 Bf5 7. d3 Qa5+ 8. Bd2
Nxd2 9. Nxd2 Nc6 10. g4 Be6 11. Bg2 Nb4 12. Nc4 Bxc4 13. dxc4 Nxc2+ 14. Kf1 Nxa1
15. Qd1 Qxa2 16. Bxb7 Rb8 17. Bc6+ Kd8 18. Qe2 Rxb2 19. Qe4 Rxf2+ 20. Kg1 Kc7
21. Bb5 Nb3 22. Qc6+ Kb8 23. Qe4 Nd2 24. Kxf2 Nxe4+ 25. Kf3 Ng5+ 26. Kf4 Qf2+
27. Kxg5 h6+ 28. Kh5 g6# 0-1

[Event "Challenge"]
[Site "http://www.queenalice.com/game.php?id=132613"]
[Date "2006.11.23"]
[Round "-"]
[White "sophia"]
[Black "spawnwolfwolverine"]
[Result "1-0"]
[WhiteElo "1468"]
[BlackElo "1376"]

1. e4 e6 2. Nc3 Be7 3. d4 Nh6 4. Bxh6 gxh6 5. Be2 d5 6. Bh5 dxe4 7. Nxe4 Nc6 8.
Qf3 Kd7 9. Nc5+ Bxc5 10. dxc5 f5 11. O-O-O+ Ke7 12. Rxd8 Rxd8 13. Ne2 b6 14. Rd1
Bb7 15. Qg3 bxc5 16. Qg7# 1-0

[Event "Challenge"]
[Site "http://www.queenalice.com/game.php?id=132615"]
[Date "2006.11.23"]
[Round "-"]
[White "leafar"]
[Black "sophia"]
[Result "1-0"]
[WhiteElo "1621"]
[BlackElo "1542"]

1. d4 d5 2. g3 Nc6 3. e3 Nf6 4. Bg2 e5 5. c3 Ng4 6. Nf3 e4 7. Nfd2 Qf6 8. O-O
Bd6 9. f3 Nxe3 10. Qe2 Nxf1 11. Nxf1 O-O 12. fxe4 dxe4 13. Bxe4 Bh3 14. Nbd2
Rfe8 15. Nf3 Bg4 16. Qd3 Rad8 17. Bxh7+ Kf8 18. Kg2 Re6 19. Bg5 Rde8 20. Bxf6
Rxf6 21. N1d2 Rh6 22. Bf5 Bxf5 23. Qb5 Bh3+ 24. Kg1 Bg4 25. Qxb7 Bd7 26. Nc4 Rb8
27. Qa6 g5 28. Nxd6 cxd6 29. Nxg5 Rxb2 30. h4 Rf6 31. Nh7+ 1-0

[Event "Challenge"]
[Site "http://www.queenalice.com/game.php?id=133349"]
[Date "2006.11.25"]
[Round "-"]
[White "edermachado"]
[Black "sophia"]
[Result "1-0"]
[WhiteElo "1307"]
[BlackElo "1457"]

1. e3 e5 2. d3 Nc6 3. Be2 d5 4. Bd2 Qf6 5. Nf3 Nh6 6. d4 exd4 7. Nxd4 Bg4 8.
Bxg4 Qg6 9. Bh3 Nxd4 10. exd4 Bd6 11. O-O O-O 12. Nc3 c6 13. Re1 c5 14. dxc5
Bxc5 15. Nxd5 Rad8 16. Nc7 Qc6 17. Ne6 fxe6 18. Bxe6+ Kh8 19. Bxh6 Rxd1 20.
Rexd1 Rxf2 21. Rd8+ Rf8+ 22. Be3 Bxe3+ 23. Kh1 1-0

[Event "Challenge"]
[Site "http://www.queenalice.com/game.php?id=133362"]
[Date "2006.11.25"]
[Round "-"]
[White "sophia"]
[Black "spawnwolfwolverine"]
[Result "1-0"]
[WhiteElo "1507"]
[BlackElo "1295"]

1. e4 e6 2. d4 Be7 3. Nf3 Nf6 4. Nc3 O-O 5. e5 Ne8 6. Bd3 f5 7. O-O b6 8. d5 Ba6
9. g3 Bxd3 10. Qxd3 c5 11. h4 exd5 12. Qxd5+ Kh8 13. Qxa8 Nc6 14. Qb7 Nb4 15.
Rd1 d6 16. Bg5 Rf7 17. e6 Bxg5 18. Qxf7 Nc7 19. Nxg5 Nxc2 20. e7 Qg8 21. Qf8 h6
22. Rxd6 hxg5 23. Rd8 Nxa1 24. Qxg8# 1-0

[Event "Challenge"]
[Site "http://www.queenalice.com/game.php?id=134377"]
[Date "2006.11.28"]
[Round "-"]
[White "sophia"]
[Black "txukahamae"]
[Result "1-0"]
[WhiteElo "1558"]
[BlackElo "1409"]

1. e4 c5 2. Nc3 d6 3. Nf3 a6 4. d4 cxd4 5. Qxd4 Nc6 6. Qe3 Nf6 7. Bc4 b5 8. Bb3
e6 9. O-O g6 10. Rd1 Bg7 11. e5 Nh5 12. Rxd6 Bd7 13. g4 Bf8 14. gxh5 Bxd6 15.
exd6 gxh5 16. Ng5 O-O 17. Qg3 Qf6 18. Nxe6+ Qg6 19. Nxf8 Kxf8 20. Qxg6 hxg6 21.
Bh6+ Kg8 22. Bd5 b4 23. Ne4 Kh7 24. Bf4 Kg7 25. Re1 Re8 26. Re3 a5 27. Bg5 Re5
28. Bf6+ 1-0

[Event "Challenge"]
[Site "http://www.queenalice.com/game.php?id=134763"]
[Date "2006.11.29"]
[Round "-"]
[White "sophia"]
[Black "spawnwolfwolverine"]
[Result "1/2-1/2"]
[WhiteElo "1543"]
[BlackElo "1370"]

1. e4 Nf6 2. Nc3 e6 3. d4 Bb4 4. Bd2 Bxc3 5. Bxc3 Nxe4 6. Qd3 Nxf2 7. Kxf2 b6 8.
d5 Ba6 9. Qf3 Bxf1 10. Kxf1 O-O 11. Rd1 c5 12. Qg4 g6 13. Nf3 b5 14. b4 c4 15.
Qd4 f6 16. dxe6 Nc6 17. Qc5 Qc7 18. Rxd7 Qb6 19. e7 Rfe8 20. Qd5+ Kg7 21. g4
Nxe7 22. g5 Kf8 23. Bd4 Nxd5 24. Bxb6 Nxb6 25. Rb7 Re7 26. Rxe7 Kxe7 27. Kg2 f5
28. Re1+ Kf7 29. Nd4 a6 30. Re6 Nd5 31. a3 Re8 32. Rxa6 Re4 33. Nxb5 Re2+ 34.
Kh3 Rxc2 35. a4 c3 36. Rc6 Nxb4 37. Rxc3 Rxc3+ 38. Nxc3 h5 39. Kg3 Ke6 40. a5
Ke5 41. Ne2 Ke6 1/2-1/2

[Event "Challenge"]
[Site "http://www.queenalice.com/game.php?id=135162"]
[Date "2006.11.30"]
[Round "-"]
[White "sophia"]
[Black "grega"]
[Result "0-1"]
[WhiteElo "1487"]
[BlackElo "1167"]

1. e4 Nf6 2. Nc3 Nc6 3. d4 g6 4. Bb5 a6 5. Bxc6 dxc6 6. Nf3 Be6 7. e5 Nd5 8. Ng5
Bd7 9. O-O Bh6 10. Qf3 f6 11. Nge4 O-O 12. Bxh6 Rf7 13. exf6 exf6 14. Rae1 f5
15. Ng5 Re7 16. Nxd5 cxd5 17. Qxd5+ Be6 18. Qxd8+ Rxd8 0-1

[Event "Challenge"]
[Site "http://www.queenalice.com/game.php?id=135235"]
[Date "2006.11.30"]
[Round "-"]
[White "sophia"]
[Black "cesarlm"]
[Result "0-1"]
[WhiteElo "1435"]
[BlackElo "2182"]

1. e4 c5 2. Nf3 Nc6 3. d4 cxd4 4. Nxd4 g6 5. Bb5 Qb6 6. Bxc6 dxc6 7. Be3 Qxb2 8.
Nd2 Bg7 9. c3 Qxc3 10. O-O Bxd4 11. Bf4 Qxa1 12. Qxa1 Bxa1 13. Rxa1 f6 0-1

[Event "Challenge"]
[Site "http://www.queenalice.com/game.php?id=135445"]
[Date "2006.12.1"]
[Round "-"]
[White "lawyerplayer"]
[Black "sophia"]
[Result "1-0"]
[WhiteElo "1793"]
[BlackElo "1556"]

1. c4 e5 2. Nc3 Nf6 3. g3 d5 4. d3 Bb4 5. Bg2 d4 6. a3 Bxc3+ 7. bxc3 dxc3 8. Qc2
Nc6 9. Qxc3 O-O 10. Rb1 Bf5 11. Rxb7 e4 12. Bb2 Qe7 13. g4 Bxg4 14. Bxe4 Nxe4
15. Qxg7# 1-0

[Event "Challenge"]
[Site "http://www.queenalice.com/game.php?id=138687"]
[Date "2006.12.8"]
[Round "-"]
[White "sophia"]
[Black "lay_rj"]
[Result "0-1"]
[WhiteElo "1574"]
[BlackElo "1441"]

1. e4 c5 2. d4 cxd4 3. Qxd4 Nc6 4. Qc4 e5 5. Nf3 Nf6 6. Ng5 d5 7. Qb3 Nd4 8. Qc3
Bb4 9. Na3 Qb6 10. Be3 Bxc3+ 11. bxc3 Qb2 12. Rb1 Nxc2+ 13. Kd1 Qxa3 14. Kxc2
Qxa2+ 15. Kc1 Nxe4 16. Nxe4 dxe4 17. Bb5+ Bd7 18. Bxd7+ Kxd7 19. Rd1+ Kc8 20.
Rd2 Qc4 21. Kc2 Rd8 22. Rxd8+ Kxd8 23. Rxb7 Rc8 24. Rxf7 Qxf7 0-1

[Event "Challenge"]
[Site "http://www.queenalice.com/game.php?id=138688"]
[Date "2006.12.8"]
[Round "-"]
[White "henriquerocha"]
[Black "sophia"]
[Result "1-0"]
[WhiteElo "1444"]
[BlackElo "1532"]

1. c4 e5 2. Nc3 Nf6 3. e4 Bb4 4. Be2 Bxc3 5. dxc3 Nxe4 6. Be3 Qf6 7. Nf3 d6 8.
Nd2 Qg6 9. Nxe4 Qxe4 10. Rg1 Nd7 11. Bf3 Qxc4 12. Qc2 Nc5 13. b3 Nd3+ 14. Kd2
Qa6 15. Qxd3 Qxd3+ 16. Kxd3 O-O 17. Rad1 Re8 18. Kc2 Bf5+ 19. Kc1 e4 20. g4 Bg6
21. Bg2 a5 22. c4 a4 23. b4 a3 24. f3 Ra4 25. fxe4 Rxb4 26. Rd4 b5 27. Bd2 Rb2
28. Rd3 Rxa2 29. Re1 1-0

[Event "Challenge"]
[Site "http://www.queenalice.com/game.php?id=140198"]
[Date "2006.12.12"]
[Round "-"]
[White "eldalai"]
[Black "sophia"]
[Result "0-1"]
[WhiteElo "1263"]
[BlackElo "1525"]

1. b3 e5 2. Bb2 Nc6 3. e4 Nf6 4. d3 d5 5. Nc3 d4 6. Nce2 Bg4 7. f3 Bh5 8. Ng3
Bb4+ 9. Kf2 O-O 10. a3 Bc3 11. Bxc3 dxc3 12. N3e2 b5 13. Nxc3 Qd4+ 14. Ke1 Qxc3+
15. Kf2 Nd4 16. Ne2 Nxe2 17. Bxe2 c5 18. Rc1 Rfd8 19. f4 exf4 20. Bxh5 Qd4+ 21.
Kf1 Qe3 22. Qe1 Nxh5 23. Qxe3 fxe3 24. Re1 a5 0-1

[Event "Challenge"]
[Site "http://www.queenalice.com/game.php?id=141635"]
[Date "2006.12.14"]
[Round "-"]
[White "Chessmachado"]
[Black "sophia"]
[Result "1-0"]
[WhiteElo "1742"]
[BlackElo "1497"]

1. d4 d5 2. c4 dxc4 3. e3 Nc6 4. Bxc4 e5 5. Ne2 Bg4 6. Nbc3 Bb4 7. Bd2 Nf6 8. h3
Bxe2 9. Qxe2 O-O 10. a3 Bxc3 11. bxc3 Ne4 12. O-O Na5 13. Bd3 1-0

[Event "Challenge"]
[Site "http://www.queenalice.com/game.php?id=142226"]
[Date "2006.12.15"]
[Round "-"]
[White "mrcoelho"]
[Black "sophia"]
[Result "1-0"]
[WhiteElo "1813"]
[BlackElo "1490"]

1. e4 e5 2. Nf3 Nc6 3. d4 d6 4. dxe5 dxe5 5. Qxd8+ Kxd8 6. Be3 Nf6 7. Nc3 Bb4 8.
O-O-O+ Bd7 9. Bb5 Bxc3 10. bxc3 Nxe4 11. Bxc6 bxc6 12. Nxe5 Nf6 13. Nxf7+ Ke7
14. Nxh8 Rxh8 15. Bg5 Rd8 16. Rd3 h6 17. Re1+ Kf7 18. Bf4 Nd5 19. Bg3 Bf5 20.
Rd2 Rb8 21. Be5 g5 22. h3 Re8 23. Rde2 1-0

[Event "Challenge"]
[Site "http://www.queenalice.com/game.php?id=142677"]
[Date "2006.12.17"]
[Round "-"]
[White "sophia"]
[Black "renato"]
[Result "0-1"]
[WhiteElo "1508"]
[BlackElo "1686"]

1. e4 e6 2. d4 b6 3. Nc3 Bb4 4. Bd2 Bb7 5. Nf3 Nf6 6. e5 Nd5 7. Nxd5 Bxd2+ 8.
Qxd2 Bxd5 9. Qf4 Bxf3 10. gxf3 d5 11. O-O-O Nc6 12. Bb5 Qd7 13. Rhg1 g6 14. Rd3
a6 15. Bxc6 Qxc6 16. Rc3 Qd7 17. Qf6 Rg8 0-1